[Event "Roncana op 6th"]
[Site "Santa Eulalia de Roncana"]
[Date "2012.11.10"]
[Round "5"]
[White "Cornejo Vera, Danilo"]
[Black "Molero Tejada, Santiago"]
[Result "1/2-1/2"]
[WhiteElo "1683"]
[BlackElo "1946"]
[PlyCount "135"]
[EventDate "2012.10.06"]
[EventType "swiss"]
[EventRounds "8"]
[EventCountry "ESP"]
[SourceTitle "EXT 2014"]
[Source "ChessBase"]
[SourceDate "2013.11.20"]
[SourceVersion "1"]
[SourceVersionDate "2013.11.20"]
[SourceQuality "1"]

1. e4 e5 2. Nf3 Nc6 3. Bb5 Bc5 4. 0-0 d6 5. h3 Bd7 6. c3 a6 7. Bc4 Na5 8. Bxf7+ Kxf7 9. b4 Bxb4 10. cxb4 Nc6 11. d3 h6 12. Be3 Nf6 13. Nc3 Qe7 14. Rc1 b5 15. Qb3+ Kg6 16. Nd5 Qd8 17. Nh4+ Kh7 18. Nf5 Nxd5 19. Qxd5 Qg8 20. Rxc6 Qxd5 21. exd5 Bxf5 22. Rxc7 Bxd3 23. Rfc1 Bc4 24. a4 Rac8 25. Bb6 Rhf8 26. axb5 axb5 27. Rd7 Bxd5 28. Rd1 Bc4 29. R1xd6 Rce8 30. Be3 Re6 31. Bc5 Rff6 32. Rd1 e4 33. Ra1 Ra6 34. Re1 Rae6 35. Re3 Rg6 36. h4 Rg4 37. h5 Re5 38. f3 Rg3 39. Rxe4 Reg5 40. Rd2 Rxf3 41. Re3 Rff5 42. Be7 Rxh5 43. g4 Re5 44. Rxe5 Rxe5 45. Rd7 Re4 46. g5 hxg5 47. Bf6 Kg6 48. Bxg7 Rg4+ 49. Kf2 Rf4+ 50. Kg3 Kf5 51. Re7 Be6 52. Bc3 Rc4 53. Be1 Rd4 54. Rc7 Rd3+ 55. Kf2 Kf4 56. Rc6 Rf3+ 57. Kg1 Bf5 58. Rc5 Bd3 59. Bd2+ Ke4 60. Rxg5 Bc4 61. Rg2 Rb3 62. Be1 Rb1 63. Kf2 Rb2+ 64. Kg1 Re2 65. Bf2 Kf4 66. Rg6 Bd5 67. Kf1 Bc4 68. Kg1 1/2-1/2

[Event "Roncana op 6th"]
[Site "Santa Eulalia de Roncana"]
[Date "2012.10.20"]
[Round "2"]
[White "Ortega Serra, Marc"]
[Black "Molero Tejada, Santiago"]
[Result "1/2-1/2"]
[WhiteElo "2178"]
[BlackElo "1946"]
[PlyCount "61"]
[EventDate "2012.10.06"]
[EventType "swiss"]
[EventRounds "8"]
[EventCountry "ESP"]
[SourceTitle "EXT 2014"]
[Source "ChessBase"]
[SourceDate "2013.11.20"]
[SourceVersion "1"]
[SourceVersionDate "2013.11.20"]
[SourceQuality "1"]

1. d4 Nf6 2. c4 b6 3. Nc3 Bb7 4. Nf3 e6 5. g3 d5 6. cxd5 Nxd5 7. Bg2 Be7 8. 0-0 Nd7 9. Nxd5 Bxd5 10. Qc2 Nf6 11. Bf4 c5 12. dxc5 Bxc5 13. b4 Bd6 14. Bg5 0-0 15. Rad1 Qe7 16. e4 Bxe4 17. Bxf6 Bxc2 18. Bxe7 Bxe7 19. Rc1 Rac8 20. Nd4 Bd3 21. Rxc8 Rxc8 22. Rd1 Bc4 23. Nc6 Bf8 24. Nxa7 Rc7 25. Nc6 Bxa2 26. b5 g6 27. Rd8 Kg7 28. h3 Bc4 29. Bf1 Bd5 30. Bg2 Bc4 31. Bf1 1/2-1/2

[Event "Maresme op 8th"]
[Site "Maresme"]
[Date "2011.11.26"]
[Round "9"]
[White "Vizcaino Marin, Jose Luis"]
[Black "Molero Tejada, Santiago"]
[Result "1/2-1/2"]
[WhiteElo "1866"]
[BlackElo "1950"]
[PlyCount "86"]
[EventDate "2011.09.24"]
[EventType "swiss"]
[EventRounds "9"]
[EventCountry "ESP"]
[SourceTitle "EXT 2013"]
[Source "ChessBase"]
[SourceDate "2012.11.22"]
[SourceVersion "1"]
[SourceVersionDate "2012.11.22"]
[SourceQuality "1"]

1. d4 d5 2. Nf3 Nf6 3. Bf4 e6 4. e3 c5 5. c3 Nc6 6. Nbd2 Bd6 7. Bg3 Bxg3 8. hxg3 c4 9. Qc2 b5 10. a3 Bb7 11. Be2 Qd6 12. g4 Ne7 13. Ne5 Ne4 14. Nef3 Ng6 15. Nxe4 dxe4 16. Nd2 f5 17. gxf5 exf5 18. Bh5 0-0 19. Bxg6 Qxg6 20. g3 Bd5 21. Qd1 Rab8 22. Qh5 Rf6 23. 0-0-0 a5 24. Rh4 Qxh5 25. Rxh5 g6 26. Rh4 b4 27. Rdh1 h5 28. Kc2 Rfb6 29. Rb1 Kg7 30. Rhh1 b3+ 31. Kd1 Rh8 32. Ke2 g5 33. Rbg1 Rbh6 34. Rh2 Kg6 35. Nf1 Be6 36. Nd2 Rc8 37. f4 Kf6 38. Rgh1 Kg6 39. Kf2 Rch8 40. Nf1 Kf6 41. Nd2 Kf7 42. Ke2 Kf6 43. Nf1 Kg6 1/2-1/2

[Event "Llinars del Valles Tardor op 3rd"]
[Site "Llinars del Valles"]
[Date "2011.11.25"]
[Round "9"]
[White "Molero Tejada, Santiago"]
[Black "Perales Galindo, Eduard"]
[Result "1/2-1/2"]
[WhiteElo "1950"]
[BlackElo "2281"]
[PlyCount "77"]
[EventDate "2011.09.30"]
[EventType "swiss"]
[EventRounds "9"]
[EventCountry "ESP"]
[SourceTitle "EXT 2013"]
[Source "ChessBase"]
[SourceDate "2012.11.22"]
[SourceVersion "1"]
[SourceVersionDate "2012.11.22"]
[SourceQuality "1"]

1. d4 g6 2. c4 Bg7 3. Nf3 d6 4. Nc3 Nd7 5. e4 e5 6. d5 Ne7 7. Be2 0-0 8. Be3 h6 9. Qc2 f5 10. 0-0-0 f4 11. Bd2 a6 12. Kb1 Nf6 13. Ne1 c6 14. f3 Bd7 15. Nd3 cxd5 16. cxd5 b5 17. a3 Qb6 18. b4 g5 19. Be1 Rfc8 20. Qb3 a5 21. Na2 a4 22. Qb2 Rc4 23. Bf2 Qb7 24. Ne1 Rc7 25. Nd3 Rac8 26. Rc1 g4 27. Rxc7 Rxc7 28. Rc1 Ne8 29. Rxc7 Qxc7 30. Qc2 Qb7 31. Nc3 Nf6 32. Ne1 gxf3 33. gxf3 Ne8 34. Bd3 Nc7 35. Qe2 Kf7 36. Bg1 Bf6 37. Qf2 Nc8 38. Ng2 Bd8 39. Nh4 1/2-1/2

[Event "Maresme op 8th"]
[Site "Maresme"]
[Date "2011.10.01"]
[Round "2"]
[White "Garcia Garcia, Candido"]
[Black "Molero Tejada, Santiago"]
[Result "1-0"]
[WhiteElo "1858"]
[BlackElo "1950"]
[PlyCount "65"]
[EventDate "2011.09.24"]
[EventType "swiss"]
[EventRounds "9"]
[EventCountry "ESP"]
[SourceTitle "EXT 2013"]
[Source "ChessBase"]
[SourceDate "2012.11.22"]
[SourceVersion "1"]
[SourceVersionDate "2012.11.22"]
[SourceQuality "1"]

1. e4 e6 2. Qe2 b6 3. Nf3 Nc6 4. c3 Nf6 5. g3 d5 6. e5 Nd7 7. d4 Be7 8. Bh3 Nf8 9. 0-0 a5 10. Re1 Ba6 11. Qe3 h6 12. a4 Nh7 13. Na3 Na7 14. Bf1 Bxf1 15. Kxf1 c5 16. dxc5 bxc5 17. Qe2 Qd7 18. Nb5 Nxb5 19. axb5 c4 20. Nd4 Bc5 21. Qg4 g5 22. h4 Bxd4 23. cxd4 Qxb5 24. Kg2 0-0-0 25. Re3 Kb7 26. Rea3 Ra8 27. hxg5 hxg5 28. Qh5 Qe8 29. Rxa5 Rxa5 30. Rxa5 f5 31. Qd1 g4 32. Qe1 Qc6 33. Qb4+ 1-0

[Event "Llinars del Valles Tardor op 3rd"]
[Site "Llinars del Valles"]
[Date "2011.09.30"]
[Round "1"]
[White "Molero Tejada, Santiago"]
[Black "Ayats Llobera, Gerard"]
[Result "1-0"]
[WhiteElo "1950"]
[BlackElo "1508"]
[PlyCount "121"]
[EventDate "2011.09.30"]
[EventType "swiss"]
[EventRounds "9"]
[EventCountry "ESP"]
[SourceTitle "EXT 2013"]
[Source "ChessBase"]
[SourceDate "2012.11.22"]
[SourceVersion "1"]
[SourceVersionDate "2012.11.22"]
[SourceQuality "1"]

1. e4 e5 2. Nf3 Nc6 3. Bc4 Bc5 4. c3 Nf6 5. d3 h6 6. b4 Bb6 7. a4 a5 8. b5 Na7 9. Nxe5 0-0 10. Qe2 d6 11. Nf3 Be6 12. Bxe6 fxe6 13. d4 Qe7 14. e5 Nd7 15. Ba3 Rad8 16. Nbd2 Rf7 17. Ne4 Nf8 18. c4 Nc8 19. c5 dxc5 20. dxc5 Ba7 21. b6 Bb8 22. c6 Qe8 23. bxc7 Rxc7 24. cxb7 Rxb7 25. 0-0 Ng6 26. Nc5 Rf7 27. Rfd1 Rxd1+ 28. Rxd1 Ba7 29. Qb5 Qxb5 30. axb5 Bxc5 31. Bxc5 Kh7 32. Ra1 Rc7 33. b6 Rb7 34. h3 Nxb6 35. Rb1 a4 36. Rxb6 Rxb6 37. Bxb6 a3 38. g3 a2 39. Bd4 Ne7 40. Ne1 Nc6 41. Ba1 Nb4 42. Kf1 Kg6 43. Ke2 Kf5 44. f3 Nc6 45. Nc2 Nxe5 46. Ne3+ Kf6 47. Ng4+ Ke7 48. Bxe5 h5 49. Bxg7 hxg4 50. fxg4 Kd6 51. Bb2 Kc5 52. g5 Kb4 53. g6 Kb3 54. Be5 Kc2 55. g7 Kb1 56. g8Q a1Q 57. Bxa1 Kxa1 58. Kd2 Kb2 59. Qb8+ Ka3 60. Kc3 Ka4 61. Qb4# 1-0

[Event "Maresme op 8th"]
[Site "Maresme"]
[Date "2011.09.24"]
[Round "1"]
[White "Molero Tejada, Santiago"]
[Black "Gonzalez Rodriguez, Damian"]
[Result "1-0"]
[WhiteElo "1950"]
[BlackElo "1735"]
[PlyCount "71"]
[EventDate "2011.09.24"]
[EventType "swiss"]
[EventRounds "9"]
[EventCountry "ESP"]
[SourceTitle "EXT 2013"]
[Source "ChessBase"]
[SourceDate "2012.11.22"]
[SourceVersion "1"]
[SourceVersionDate "2012.11.22"]
[SourceQuality "1"]

1. e4 e5 2. Nf3 Nc6 3. Bc4 Bc5 4. c3 Nf6 5. b4 Bxf2+ 6. Kxf2 Nxe4+ 7. Ke1 d5 8. Bb5 Nd6 9. Bxc6+ bxc6 10. d3 0-0 11. Bg5 f6 12. Be3 Qe8 13. Nbd2 Qg6 14. Qe2 Ba6 15. Nh4 Qxd3 16. Qxd3 Bxd3 17. Bc5 a5 18. Nb3 axb4 19. Bxb4 Rfe8 20. Nc5 Ba6 21. Nf3 Nb7 22. Kd2 Nxc5 23. Bxc5 Bb5 24. Rhe1 Kf7 25. a3 g5 26. Ra2 h5 27. Raa1 Kg6 28. Ke3 f5 29. Kf2 Kf6 30. Nxe5 g4 31. Bd4 Kg5 32. g3 f4 33. gxf4+ Kxf4 34. Nd7 h4 35. Re5 c5 36. Be3# 1-0

[Event "Llinars del Valles Tardor op 2nd"]
[Site "Llinars del Valles"]
[Date "2010.09.17"]
[Round "1"]
[White "Serrano Moron, Eloi"]
[Black "Molero Tejada, Santiago"]
[Result "0-1"]
[WhiteElo "1526"]
[BlackElo "1982"]
[PlyCount "100"]
[EventDate "2010.09.17"]
[EventType "swiss"]
[EventRounds "9"]
[EventCountry "ESP"]
[SourceTitle "EXT 2012"]
[Source "ChessBase"]
[SourceDate "2011.11.24"]
[SourceVersion "1"]
[SourceVersionDate "2011.11.24"]
[SourceQuality "1"]

1. Nf3 d5 2. c4 c6 3. cxd5 Qxd5 4. Nc3 Qa5 5. e4 Bg4 6. Be2 e6 7. 0-0 Nd7 8. a3 Bd6 9. d4 Rd8 10. Be3 Bb8 11. Nd2 Bxe2 12. Qxe2 Ngf6 13. e5 Nd5 14. Nce4 Nxe3 15. Qxe3 c5 16. Nb3 Qb5 17. Nd6+ Bxd6 18. exd6 cxd4 19. Nxd4 Qd5 20. Nf3 Qxd6 21. Qxa7 Qb6 22. Qxb6 Nxb6 23. Rac1 f6 24. Rc7 Rd7 25. Rfc1 Rf8 26. Rxd7 Kxd7 27. Rd1+ Ke7 28. Kf1 Rc8 29. Rd2 Nc4 30. Re2 Rc6 31. Nd4 Rb6 32. Rc2 Nxb2 33. Rc7+ Kf8 34. Rc8+ Kf7 35. Rc7+ Kg6 36. Re7 e5 37. Ne6 Kf5 38. Nxg7+ Ke4 39. f3+ Ke3 40. Nf5+ Kd2 41. Rd7+ Nd3 42. g3 Rb1+ 43. Kg2 Ke2 44. Nh4 Ne1+ 45. Kh3 Nxf3 46. Nxf3 Kxf3 47. Rxh7 e4 48. Rf7 Rb6 49. Rd7 f5 50. Rd1 Rh6# 0-1

[Event "Llinars op Tardor Llinars d I"]
[Site "Llinars del Valles"]
[Date "2009.10.30"]
[Round "5.2"]
[White "Lafuente Ruiz, Jose Manuel"]
[Black "Molero Tejada, Santiago"]
[Result "0-1"]
[WhiteElo "1739"]
[BlackElo "1978"]
[PlyCount "80"]
[EventDate "2009.10.02"]
[EventType "swiss"]
[EventRounds "9"]
[EventCountry "ESP"]
[SourceTitle "EXT 2024"]
[Source "ChessBase"]
[SourceDate "2023.10.10"]
[SourceVersion "1"]
[SourceVersionDate "2023.10.10"]
[SourceQuality "1"]

1. e4 e5 2. Nf3 Nc6 3. Bc4 Bc5 4. b4 Bxb4 5. c3 Bc5 6. d4 exd4 7. cxd4 Bb4+ 8. Nbd2 Na5 9. Bxf7+ Kxf7 10. 0-0 d6 11. a3 Bc3 12. Rb1 Bg4 13. Nb3 Qf6 14. Nxa5 Bxf3 15. Qb3+ Kg6 16. Qxc3 Bxe4 17. Rb3 h6 18. f3 Bd5 19. Rb1 Ne7 20. Nc4 Nf5 21. Bb2 Rhe8 22. Qc2 Kf7 23. Qd3 Re7 24. Rbe1 Rae8 25. Ne5+ dxe5 26. dxe5 Qe6 27. g4 Nh4 28. f4 Qxg4+ 29. Qg3 Qxg3+ 30. hxg3 Nf3+ 31. Rxf3 Bxf3 32. Kf2 Bg4 33. Rh1 Rd7 34. Bc3 Red8 35. Rh4 h5 36. f5 Bxf5 37. Rxh5 g6 38. Rh7+ Ke6 39. Rh6 c5 40. g4 Bc2 0-1

[Event "Canovelles op 11th"]
[Site "Canovelles"]
[Date "2008.04.18"]
[Round "6.7"]
[White "Molero Tejada, Santiago"]
[Black "Veciana Francesch, Josep"]
[Result "1-0"]
[WhiteElo "2012"]
[BlackElo "1787"]
[PlyCount "57"]
[EventDate "2008.03.07"]
[EventType "swiss"]
[EventRounds "9"]
[EventCountry "ESP"]
[SourceTitle "EXT 2024"]
[Source "ChessBase"]
[SourceDate "2023.10.10"]
[SourceVersion "1"]
[SourceVersionDate "2023.10.10"]
[SourceQuality "1"]

1. d4 d5 2. Bf4 e6 3. e3 a6 4. Nf3 c5 5. c4 dxc4 6. Bxc4 Nf6 7. a4 Nc6 8. Nc3 Na5 9. Bd3 c4 10. Be4 Bb4 11. Nd2 Nxe4 12. Ndxe4 b6 13. 0-0 Bb7 14. Qe2 0-0 15. Nd2 Bxc3 16. bxc3 Rc8 17. Rab1 Qd5 18. f3 b5 19. e4 Qc6 20. Rb4 bxa4 21. Ra1 Nb3 22. Raxa4 Nxd2 23. Bxd2 Qd7 24. Qd1 Rc6 25. Qb1 Rcc8 26. Ra5 f5 27. Rxb7 Qd8 28. Rxa6 e5 29. Raa7 1-0

[Event "Canovelles op 11th"]
[Site "Canovelles"]
[Date "2008.03.28"]
[Round "3.1"]
[White "Rojas Keim, Luis Alberto"]
[Black "Molero Tejada, Santiago"]
[Result "1-0"]
[WhiteElo "2414"]
[BlackElo "2012"]
[PlyCount "121"]
[EventDate "2008.03.07"]
[EventType "swiss"]
[EventRounds "9"]
[EventCountry "ESP"]
[SourceTitle "EXT 2024"]
[Source "ChessBase"]
[SourceDate "2023.10.10"]
[SourceVersion "1"]
[SourceVersionDate "2023.10.10"]
[SourceQuality "1"]

1. e4 Nc6 2. d4 d5 3. e5 Bf5 4. Bb5 e6 5. Ne2 Nge7 6. 0-0 a6 7. Ba4 b5 8. Bb3 Na5 9. c3 Nxb3 10. axb3 Bxb1 11. Rxb1 g6 12. Bg5 Bg7 13. Nf4 Qd7 14. Nd3 h6 15. Nc5 Qc8 16. Bxe7 Kxe7 17. f4 h5 18. Qf3 c6 19. Qg3 Ra7 20. f5 exf5 21. e6 Qc7 22. Rxf5 Qxg3 23. Rxf7+ Ke8 24. hxg3 Rxf7 25. exf7+ Kxf7 26. Rf1+ Ke7 27. Re1+ Kf7 28. Re6 Rc8 29. Rd6 Bf8 30. Rd7+ Ke8 31. Ra7 Bxc5 32. dxc5 Kf8 33. Rxa6 Rc7 34. Kf2 Kf7 35. Ke3 Re7+ 36. Kd3 Re6 37. Ra1 Kf6 38. Rf1+ Kg5 39. Rf4 Re1 40. c4 bxc4+ 41. bxc4 dxc4+ 42. Rxc4 Rg1 43. Rc2 Kg4 44. b4 Rb1 45. Kc3 Kxg3 46. Rb2 Rc1+ 47. Kd4 Rd1+ 48. Ke5 g5 49. b5 cxb5 50. c6 Rc1 51. Kd6 g4 52. Rxb5 h4 53. Rc5 Rd1+ 54. Ke5 h3 55. Rc3+ Kxg2 56. c7 Re1+ 57. Kf4 Re8 58. Rc2+ Kf1 59. Kxg4 Rc8 60. Kxh3 Ke1 61. Kg3 1-0

[Event "Canovelles op 11th"]
[Site "Canovelles"]
[Date "2008.03.14"]
[Round "2.7"]
[White "Molero Tejada, Santiago"]
[Black "Bals Hernandez, Jordi"]
[Result "1-0"]
[WhiteElo "2012"]
[BlackElo "1731"]
[PlyCount "143"]
[EventDate "2008.03.07"]
[EventType "swiss"]
[EventRounds "9"]
[EventCountry "ESP"]
[SourceTitle "EXT 2024"]
[Source "ChessBase"]
[SourceDate "2023.10.10"]
[SourceVersion "1"]
[SourceVersionDate "2023.10.10"]
[SourceQuality "1"]

1. d4 d5 2. Bf4 e6 3. e3 Be7 4. c4 Nf6 5. Nc3 0-0 6. Rc1 b6 7. cxd5 exd5 8. Bd3 Nbd7 9. Nf3 Bb7 10. a3 c5 11. 0-0 c4 12. Bb1 a6 13. b4 b5 14. Ne5 Nxe5 15. dxe5 Ne4 16. Bxe4 dxe4 17. Qc2 Qd3 18. Rfd1 Qxc2 19. Rxc2 Rfd8 20. Rcd2 Rd3 21. Rxd3 exd3 22. e4 Rd8 23. f3 Bc6 24. Bd2 a5 25. Na2 Ra8 26. Ra1 axb4 27. Nxb4 Bd7 28. Bc3 Bc5+ 29. Kf1 Be6 30. Ke1 Rd8 31. Kd2 Bd4 32. Nc6 Bxc3+ 33. Kxc3 Rd7 34. Rb1 g6 35. Nd4 Ra7 36. Nxb5 Ra8 37. Ra1 Rb8 38. a4 Rc8 39. a5 Bd7 40. Nd4 Ra8 41. Ra2 Bc8 42. Nb5 Ba6 43. Nc7 Ra7 44. Nxa6 Rxa6 45. Ra1 Kf8 46. Kxc4 d2 47. Kb5 Ra8 48. Rd1 Rb8+ 49. Kc6 Rb2 50. Kc5 Ke7 51. a6 Ra2 52. a7 Rxa7 53. Rxd2 Ra5+ 54. Kd4 Ke6 55. Rc2 Ra8 56. Rc6+ Ke7 57. Rc2 Rd8+ 58. Ke3 Ra8 59. h4 Ra5 60. Kf4 h6 61. g4 Ke6 62. Rc6+ Kd7 63. Rd6+ Ke7 64. Rb6 Rc5 65. Rb8 Ke6 66. Rh8 g5+ 67. hxg5 hxg5+ 68. Kxg5 Rxe5+ 69. Kf4 Kf6 70. Rh6+ Kg7 71. Kxe5 Kxh6 72. Kf6 1-0

[Event "Barbera del Valles op-B 30th"]
[Site "Barbera del Valles"]
[Date "2007.07.08"]
[Round "3"]
[White "Molero Tejada, Santiago"]
[Black "Franch Guiral, Ramon"]
[Result "0-1"]
[WhiteElo "2009"]
[BlackElo "1989"]
[PlyCount "68"]
[EventDate "2007.07.06"]
[EventType "swiss"]
[EventRounds "7"]
[EventCountry "ESP"]
[SourceTitle "EXT 2008"]
[Source "ChessBase"]
[SourceDate "2007.11.25"]
[SourceVersion "1"]
[SourceVersionDate "2007.11.25"]
[SourceQuality "1"]

1. d4 e6 2. c4 b6 3. Nc3 Bb7 4. Bf4 f5 5. e3 Nf6 6. Nf3 Bb4 7. Bd3 0-0 8. 0-0 Bxc3 9. bxc3 d6 10. Ng5 Qe8 11. f3 h6 12. Nh3 Nh5 13. Bg3 Nxg3 14. hxg3 Nd7 15. Qe2 e5 16. Rad1 e4 17. Bc2 Nf6 18. f4 Qg6 19. Kh2 Nh5 20. Qe1 Ba6 21. Bb3 d5 22. Rh1 dxc4 23. Bc2 Rad8 24. Rc1 Nf6 25. Bd1 Nd5 26. Nf2 Qd6 27. g4 Nxf4 28. g3 Nd3 29. Nxd3 exd3 30. gxf5 Rxf5 31. Bg4 Rg5 32. Kh3 Rf8 33. Rf1 Rxg4 34. Rxf8+ Qxf8 0-1

[Event "Canovelles op-A"]
[Site "Canovelles"]
[Date "1999.??.??"]
[Round "3"]
[White "Molero Tejada, Santiago"]
[Black "Gomez Benitez, David Isaac"]
[Result "1-0"]
[WhiteElo "2050"]
[BlackElo "2005"]
[PlyCount "85"]
[EventDate "1999.??.??"]
[EventType "swiss"]
[EventRounds "9"]
[EventCountry "ESP"]
[SourceTitle "EXT 2000"]
[Source "ChessBase"]
[SourceDate "1999.11.16"]
[SourceVersion "1"]
[SourceVersionDate "1999.11.16"]
[SourceQuality "1"]

1. e4 c5 2. f4 e6 3. Nf3 d5 4. e5 Nc6 5. c3 Bd7 6. Na3 Rc8 7. Nc2 Nh6 8. d4 cxd4 9. Ncxd4 Ng4 10. Nxc6 Bxc6 11. h3 Nh6 12. Be3 Nf5 13. Bf2 Be7 14. h4 h5 15. Ng5 Qa5 16. a3 Ba4 17. Qd2 Bc5 18. Nf3 Bxf2+ 19. Kxf2 Qc5+ 20. Nd4 Nxd4 21. cxd4 Qb6 22. Qb4 Rc2+ 23. Kg3 Qxb4 24. axb4 b5 25. Rb1 a6 26. Kf3 Bb3 27. Be2 Rc6 28. Rhc1 Bc4 29. Bd1 Kd7 30. Rc3 a5 31. bxa5 b4 32. Rcc1 Ra6 33. Ra1 Rha8 34. Ra4 Rb8 35. Ke3 b3 36. Bxh5 g6 37. Be2 Bxe2 38. Kxe2 Rb5 39. Rc5 Rxc5 40. dxc5 Kc6 41. Kd3 Kxc5 42. Kc3 Kb5 43. Kxb3 1-0

[Event "Centelles op"]
[Site "Centelles"]
[Date "1996.10.26"]
[Round "8"]
[White "Molero Tejada, Santiago"]
[Black "Valldeoriola Puigdoller, Agusti"]
[Result "0-1"]
[WhiteElo "2030"]
[BlackElo "2080"]
[PlyCount "116"]
[EventDate "1996.09.07"]
[EventType "swiss"]
[EventRounds "8"]
[EventCountry "ESP"]
[SourceTitle "EXT 2003"]
[Source "ChessBase"]
[SourceDate "2002.11.25"]
[SourceVersion "1"]
[SourceVersionDate "2002.11.25"]
[SourceQuality "1"]

1. d4 d5 2. c4 e6 3. Nc3 Nf6 4. Bg5 Be7 5. e3 0-0 6. Bd3 Nbd7 7. Nf3 b6 8. Rc1 dxc4 9. Bxc4 Bb7 10. 0-0 c5 11. a3 Rc8 12. Ba2 Ne4 13. Nxe4 Bxe4 14. Bxe7 Qxe7 15. Nd2 Bb7 16. dxc5 Nxc5 17. Rc3 Rfd8 18. Qe2 Na4 19. Rxc8 Rxc8 20. Nb3 Qg5 21. f3 Qe5 22. Nd4 h6 23. Qd2 Rd8 24. Qc1 Nxb2 25. Bb1 Nc4 26. Re1 Rc8 27. Kf2 Nd6 28. Qd2 Ba6 29. Rd1 Nc4 30. Qd3 Bb7 31. Nc6 Qxe3+ 32. Qxe3 Nxe3 33. Rd8+ Rxd8 34. Nxd8 Nd1+ 35. Ke1 Nc3 36. Nxb7 Nxb1 37. a4 Kf8 38. Nd6 Nc3 39. Nc8 Nxa4 40. Nxa7 Ke7 41. Kd2 Kd6 42. Nb5+ Kc6 43. Nd4+ Kc5 44. Kd3 b5 45. h4 Nb6 46. g4 Nc4 47. h5 Nd6 48. f4 Kd5 49. Nf3 f6 50. Nd2 e5 51. fxe5 Kxe5 52. Nf1 Nc4 53. Ng3 Kf4 54. Nf5 Kxg4 55. Nxg7 f5 56. Ne6 Kxh5 57. Nd4 Nd6 58. Ke3 Kg4 0-1